| 000 | 00674cam a22002173a 4500 | ||
|---|---|---|---|
| 001 | 38206 | ||
| 003 | PGUSA | ||
| 005 | 20140828083837.0 | ||
| 008 | 111203s2011||||xxu|||||s|||||000 | eng d | ||
| 040 |
_aPGUSA _beng |
||
| 042 | _adc | ||
| 100 | 1 |
_aBrereton, F. S. _q(Frederick Sadleir), _d1872- |
|
| 245 | 1 | 2 |
_aA Boy of the Dominion : _bA Tale of Canadian Immigration _h[electronic resource] / _cF. S. Brereton |
| 260 |
_bProject Gutenberg, _c2011 |
||
| 506 | _aPublic domain in the USA. | ||
| 516 | _aElectronic text | ||
| 700 | 1 |
_aRainey, W. _q(William), _d1852-1936 |
|
| 830 | 0 |
_aProject Gutenberg _v38206 |
|
| 856 | 4 | 0 | _uhttp://www.gutenberg.org/ebooks/38206 |
| 942 | _cEB | ||
| 999 |
_c267460 _d267460 |
||